Guía de las colecciones públicas de arte en los Estados Unidos (Record no. 7244)

MARC details
000 -CABECERA
campo de control de longitud fija 00814nam a2200241 a 4500
001 - NÚMERO DE CONTROL
campo de control BRCA_7570
005 - FECHA Y HORA DE LA ÚLTIMA TRANSACCIÓN
campo de control 20190320205907.0
008 - DATOS DE LONGITUD FIJA--INFORMACIÓN GENERAL
campo de control de longitud fija 070613s19511954u--a###f##---#000-0#spa-#
041 ## - CÓDIGO DE LENGUA
Código de lengua del texto/banda sonora o título independiente spa
044 ## - CÓDIGO DEL PAÍS DE LA ENTIDAD EDITORA/PRODUCTORA
Código MARC del país u
050 #4 - SIGNATURA TOPOGRÁFICA DE LA BIBLIOTECA DEL CONGRESO
Número de clasificación N510
Número de documento/Ítem .G66 1951
100 1# - ENTRADA PRINCIPAL--NOMBRE DE PERSONA
Nombre de persona Gómez Sicre, José
9 (RLIN) 13377
245 10 - MENCIÓN DE TÍTULO
Título Guía de las colecciones públicas de arte en los Estados Unidos
Mención de responsabilidad, etc. por José Gómez Sicre.
260 ## - PUBLICACIÓN, DISTRIBUCIÓN, ETC.
Lugar de publicación, distribución, etc. Washington, D. C.
Nombre del editor, distribuidor, etc. Union Panamericana
Fecha de publicación, distribución, etc. 1951-1954
300 ## - DESCRIPCIÓN FÍSICA
Extensión 2 v.
Otras características físicas il., mapas, láminas
Dimensiones 24 cm.
500 ## - NOTA GENERAL
Nota general S54
505 0# - NOTA DE CONTENIDO CON FORMATO
Nota de contenido con formato v.1 Costa Oriental: Florida a New York.-- v.2 Nueva Inglaterra.
650 14 - PUNTO DE ACCESO ADICIONAL DE MATERIA--TÉRMINO DE MATERIA
Término de materia o nombre geográfico como elemento de entrada Arte
Subdivisión de forma Coleccionistas y colecciones
Subdivisión geográfica Estados Unidos
9 (RLIN) 18674
650 14 - PUNTO DE ACCESO ADICIONAL DE MATERIA--TÉRMINO DE MATERIA
Término de materia o nombre geográfico como elemento de entrada Arte
Subdivisión general Galerías y museos
9 (RLIN) 18675
650 14 - PUNTO DE ACCESO ADICIONAL DE MATERIA--TÉRMINO DE MATERIA
Término de materia o nombre geográfico como elemento de entrada Galerías y museos
Subdivisión geográfica Estados Unidos
9 (RLIN) 7437
902 ## - CATALOGADOR
Iniciales GFM
942 ## - ELEMENTOS DE PUNTO DE ACCESO ADICIONAL (KOHA)
Fuente del sistema de clasificación o colocación Library of Congress Classification
Tipo de ítem Koha Libros
Holdings
Estado de retiro Estado de pérdida Estado dañado No para préstamo Localización permanente Ubicación/localización actual Fecha de adquisición Número de inventario Total de préstamos Signatura topográfica completa Código de barras Fecha visto por última vez Precio válido a partir de Tipo de ítem Koha
El ejemplar forma parte de la colección y puede ser consultado según las políticas vigentes.       Biblioteca del Museo Franz Mayer (Rogerio Casas-Alatriste) Biblioteca del Museo Franz Mayer (Rogerio Casas-Alatriste) 06/06/2013 S54   N510 .G66 1951 (S54) 8178 22/03/2019 22/03/2019 Libros